Guess the TV Theme Song Lyrics #2 - Statistics

General Stats
  • This quiz has been taken 27 times
  • The average score is 106 of 220
Answer Stats
Answer % Correct
A
96%
a
96%
the
92%
The
92%
and
88%
And
88%
You
88%
you
88%
of
83%
have
79%
life
79%
be
75%
are
71%
bad
71%
facts
71%
good
71%
take
71%
them
71%
When
71%
when
71%
your
71%
there
67%
There
67%
To
67%
to
67%
all
58%
All
58%
you're
58%
get
54%
It
54%
Then
54%
then
54%
up
54%
both
50%
They
50%
world
50%
at
46%
about
42%
do
42%
got
42%
out
42%
dreams
38%
hear
38%
If
38%
is
38%
learning
38%
one
38%
right
38%
seems
38%
in
33%
living
33%
never
33%
that
33%
Facts of Life
29%
finding
29%
her
29%
it's
29%
just
29%
with
29%
from
25%
lot
25%
night
25%
think
25%
You'll
25%
gotta
21%
suddenly
21%
than
21%
will
21%
without
21%
Without
21%
always
17%
em
17%
isn't
17%
let
17%
more
17%
only
17%
over
17%
takes
17%
there's
17%
There's
17%
you'd
17%
care
13%
fun
13%
They're
13%
future
8%
hand
8%
late
8%
palm
8%
please
8%
really
8%
someone
8%
truth
8%
brother
4%
damage
4%
date
4%
growin
4%
growing
4%
light
4%
managing
4%
mother
4%
need
4%
shed
4%
showing
4%
through
4%
understand
4%
avoid
0%
bees
0%
Better
0%
birds
0%
Call
0%
clear
0%
conclusion
0%
confusion
0%
enjoy
0%
fair
0%
flirt
0%
hurt
0%
muddle
0%
rather
0%
slow
0%
telling
0%
waiting
0%
No matching quizzes found
Score Distribution
Percent of People with Each Score
Percentile by Number Answered
Your Score History
You have not taken this quiz